000
00200nam a22000857a 4500
008
161123b xxu||||| |||| 00| 0 eng d
100
_9
1339
_a
Methuen
245
_a
Billy-Bob Tales
260
_b
Dean Bars
_c
1938
999
_c
4052
_d
4052